Instruments de planificació i gestió de la mobilitat local a Europa
ISBN:
978-84-9803-259-8
Publicado:
Barcelona :
Diputació de Barcelona. Àrea d'Infraestructures, Urbanisme i Habitatge. Servei de Vies Locals ,
2008
Descripción Física:
103 p. ; 24 cm
Colección:
Estudis. Territori ; 3
Materias:
Transport -- Planificació -- Europa
MARC
| LEADER | 00000nam a2200000Ia 4500 | ||
|---|---|---|---|
| 001 | 20590 | ||
| 008 | 160829s2008 xx 000 0 cat d | ||
| 020 | |a 978-84-9803-259-8 | ||
| 080 | |a C-3-99 | ||
| 245 | |a Instruments de planificació i gestió de la mobilitat local a Europa | ||
| 260 | |a Barcelona : |b Diputació de Barcelona. Àrea d'Infraestructures, Urbanisme i Habitatge. Servei de Vies Locals, |c 2008 | ||
| 300 | |a 103 p. ; |c 24 cm | ||
| 490 | |a Estudis. Territori ; 3 | ||
| 590 | |a Bibliografia | ||
| 650 | |a Transport |x Planificació |x Europa |9 38509 | ||
| 710 | |a Barcelona (Catalunya : Província). |b Servei de Vies Locals |9 53817 | ||
| 901 | |a Arxiu | ||
| 942 | |n 1 | ||
| 952 | |0 0 |1 0 |4 0 |6 C399 |7 1 |9 48449 |a Arxiu |b Arxiu |d 2016-12-01 |l 0 |o C-3-99 |p 20590 |r 2016-12-01 00:00:00 |w 2016-12-01 |y ARXIU | ||
| 999 | |c 52278 |d 52278 | ||